|
|
|
|
| LEADER |
00000nab a2200000 a 4500 |
| 001 |
vtls000243417 |
| 003 |
SK-MaSNL |
| 005 |
20260302211852.0 |
| 008 |
111130c1986 xo 0 slo |
| 015 |
|
|
|a SNBRB19rr/mm-uuuuu
|
| 035 |
|
|
|a CL0253531
|
| 040 |
|
|
|a SNKBUCL
|b slo
|c SNKBUCL
|e AACR2
|
| 041 |
0 |
|
|a slo
|
| 044 |
|
|
|a xo
|c SK
|
| 080 |
|
|
|a 378.147
|2 1981
|
| 080 |
|
|
|a 001.8
|2 1981
|
| 100 |
1 |
|
|a Barancová, Elena
|4 aut
|9 935839
|
| 245 |
1 |
0 |
|a Slabý vedúci - brzda tvorivosti
|b Vysokoškolská veda - súčasnosť a perspektívy
|c Elena Barancová
|
| 650 |
0 |
7 |
|a veda vysokoškolská
|2 snkbucl
|9 933887
|
| 650 |
0 |
7 |
|a osobnosť vedúceho
|2 snkbucl
|9 935840
|
| 655 |
|
7 |
|a články z novín a časopisov
|2 snkbucl
|9 267496
|
| 773 |
0 |
|
|t Nové slovo
|g Roč. 28, č. 15 (1986), s. 4-5
|
| 850 |
|
|
|a Slovenská národná knižnica v Martine
|a MTA001
|
| 852 |
|
|
|a SNK
|b KIS3GCP
|
| 958 |
|
|
|a RK
|
| 992 |
|
|
|a RBX
|
| 999 |
|
|
|c 1486761
|d 1488691
|